Переписка по вопросу постройки бараков для беженцев

Доступно только в Электронных читальных залах Найти на картеНа карте
RUSMARC
00003968nmc2a22002653x 450
001159b6754-5970-423f-85f4-9e152c582de8
00520190304170614.0
100##$a20190110l 1919k y0rusy50 ca
1010#$arus
102##$aRU
105##$aa z |||e|
2001#$aПереписка по вопросу постройки бараков для беженцев
$j16 сентября 1919 - 16 октября 1919
215##$a72 листа
$cил.
251##$cДело
300##$aЗаголовок дела на папке: О строительстве бараков для беженцев
300##$aНа папке дела: 13 сентября 1919 г. - 16 октября 1919 г.
300##$aЛисты: 25 - схемы; 1-5, 24, 25, 31, 42-43, 48-49, 52, 55-60, 61-65, 68-72 - поврежденные
300##$aМашинописный и рукописный текст
461#0$10010f0e3429-2e37-4fb4-ace0-6332d350a692
$12001
$aМинистерство внутренних дел Российского правительства. Омск
$1251
$cФонд
$1852
$j1700
$gР
462#0$1001fc526e9e-3b76-4f4f-9aa4-d2ea0e927c42
$12001
$aДепартамент Государственного призрения. 1918-1920 гг.
$vД. 20
$1251
$cОпись
$1852
$j6
5171#$aО строительстве бараков для беженцев
60102$3RU\NLR\AUTH\8810247804
$aВременное Сибирское правительство
$bМинистерство внутренних дел
801#0$aRU
$bGA_RF
801#1$aRU
$bГлавНИВЦ
$c20190110
$2rusmarc
801#2$aRU
$bПБ им. Б.Н. Ельцина
$c20190304
$gRCR
$2rusmarc
852##$aГА РФ
$j20
937##$d126646027
$hПБ
035##$aRuPRLIB51055205
856##$uhttp://readingroom.main.prlib.ru/item.aspx?id_node=n126646027&mode=full
Формат отображения